Datum a čas kvízu
29.5
Celkem bodů
Celkový počet nahraných bodů na tomto kvízu bez doplňovacích otázek.
10.
Pořadí na kvízu
Konečné umístění týmu na tomto kvízu.
Zaznamenané odpovědi
| # | Otázka | Odpověď | Body | Výsledky |
|---|---|---|---|---|
| 1. | Kardiochirurgické centrum Faku... | spalničky | 1 | |
| 2. | Dosavadní japonský císař Akihi... | Naruhito | 1 | |
| 3. | Jak se jmenuje známý český pár... | Tatiana Vilhelmová, Vojtěch Dyk | 1 | |
| 4. | Vedení jisté evropské metropol... | Amsterdam | 1 | |
| 5. | Slavného španělského brankáře,... | Iker Casillas | 1 | |
| 6. | Jelikož minulý týden uplynulo... | Německo | 1 | |
| 7. | V celkem kolika státech EU (vč... | v sedmi státech | 0.5 | |
| 8. | Který ze států EU je naší zemi... | Rakousko | 1 | |
| 9. | Které tři státy EU mají nejmen... | Kypr, Lucembursko, Malta | 0 | |
| 10. | V roce 1986 rozšířily Evropská... | Španělsko a Portugalsko | 1 |